| 000 | 00508nam a2200157 a 4500 | ||
|---|---|---|---|
| 001 | 000040915 | ||
| 005 | 20201002034456.0 | ||
| 008 | 130911s19uu sp 000 0 spa d | ||
| 020 | _a8474210453 | ||
| 040 |
_aDO-SdBNP _bspa _cBNPHU |
||
| 245 | 0 | 0 |
_aPropuestas culturales PSOE / _cIntroducción Felipe González ; edición y prólogo Rafael Ballestero. |
| 260 |
_aMadrid : _bMañana, _c[19-?]. |
||
| 300 |
_a278 p. ; _c21 cm. |
||
| 700 | 1 |
_aGonzález, Felipe, _967033 |
|
| 700 | 1 |
_aBallestero, Rafael, _eed. _967347 |
|
| 999 |
_c40405 _d40405 |
||